| 000 | 00553nmm a2200169Ia 4500 | ||
|---|---|---|---|
| 008 | 251105s9999||||xx |||||||||||||||||und|| | ||
| 020 | _a9781558854956 | ||
| 041 |
_aspa _aeng |
||
| 100 | _aParedes, Américo | ||
| 245 | 0 | _aCantos de adolescencia = Songs of youth (1932-1937) | |
| 264 |
_a[Washington, Estados Unidos] : _bArte Público Press, _c2007 |
||
| 300 | _a272 páginas | ||
| 490 | _aRecovering the U.S. Hispanic Literary Heritage | ||
| 650 | _aLatin American poetry | ||
| 856 | _uhttps://public.digitaliapublishing.com/a/23223 | ||
| 942 | _cCF | ||
| 999 |
_c74813 _d74813 |
||